The King of Pirates

Bibliografske podrobnosti
Glavni avtor: D. Defoe
Izvleček:Книга находится в премиум-версии платформы «Русский как иностранный».
Following the success of Robinson Crusoe, Daniel Defoe composed a further tale of high adventure at sea. The result was this lesser-known work, a story of pirate life. In response to an alleged letter accusing him of the worst possible deeds, Captain Avery pens a reply seeking to exonerate himself from all such charges. He sees fi t to provide a full account of life as captain of a pirate ship.
Izdano: Москва, T8RUGRAM, 2018
Teme:
Online dostop:Перейти к просмотру издания
Format: MixedMaterials Elektronski

MARC

LEADER 00000 a2200000 4500
001 RU/ROS-EDU.RU/84766
856 4 |u https://www.ros-edu.ru/book?id=84766  |z Перейти к просмотру издания 
010 |a 978-5-521-06820-3 
100 |a 20180101d2018 |||y0rusy0250  
105 |a y z 000zy 
101 0 |a rus 
102 |a RU 
200 1 |a The King of Pirates  |b Электронный ресурс  |f D. Defoe 
700 1 |b D.  |a Defoe  |4 070 
330 |a Following the success of Robinson Crusoe, Daniel Defoe composed a further tale of high adventure at sea. The result was this lesser-known work, a story of pirate life. In response to an alleged letter accusing him of the worst possible deeds, Captain Avery pens a reply seeking to exonerate himself from all such charges. He sees fi t to provide a full account of life as captain of a pirate ship. 
210 |a Москва  |c T8RUGRAM  |d 2018 
610 1 |a художественная литература 
610 1 |a английский язык 
610 1 |a зарубежная проза 
610 1 |a классика 
610 1 |a морское приключение 
610 1 |a пират 
675 |a 82 
686 |a 84  |2 rubbk 
300 |a Книга находится в премиум-версии платформы «Русский как иностранный». 
215 |a 100 с.